The vermilion boat / (Record no. 157873)

MARC details
000 -LEADER
fixed length control field 00493nam a22001817a 4500
005 - DATE AND TIME OF LATEST TRANSACTION
control field 20181006145349.0
010 ## - LCCN (DPL NO)
LC control number ENG-124195
020 ## - INTERNATIONAL STANDARD BOOK NUMBER
International Standard Book Number 9789386338587
Terms of availability 399.00
035 ## - SYSTEM CONTROL NUMBER
System control number EN-107727
037 ## - SOURCE OF ACQUISITION
Source of stock number/acquisition DABD/PUB
082 ## - DEWEY DECIMAL CLASSIFICATION NUMBER
Classification number N
100 ## - MAIN ENTRY--PERSONAL NAME
Personal name Ghose, Sudhin N.
245 ## - TITLE STATEMENT
Title The vermilion boat /
Statement of responsibility, etc by Sudhin N. Ghose
260 ## - PUBLICATION, DISTRIBUTION, ETC. (IMPRINT)
Place of publication, distribution, etc New Delhi
Name of publisher, distributor, etc Speaking Tiger
Date of publication, distribution, etc 2017
270 ## - ADDRESS
Address 4381/4 Ansari Road, Daryaganj,
City New Delhi
Postal code 10002
300 ## - PHYSICAL DESCRIPTION
Extent 313p.
Dimensions 21cm(pbk)
942 ## - ADDED ENTRY ELEMENTS (KOHA)
Source of classification or shelving scheme Dewey Decimal Classification
Item type English Books
Call number suffix GHO
Classification part N
Holdings
Withdrawn status Lost status Not for loan Collection code Home library Current library Date acquired Source of acquisition Cost, normal purchase price Full call number Barcode Copy number Cost, replacement price Koha item type
    Not For Loan Non-fiction D.B.Act.Division Sarojini Nagar 06/10/2018 DBAD/PUB 399.00 N GHO EN-107727 1 399.00 English Books

© Delhi Public Library
Hit Counter
free hit counter